NEITERATÍVNY PRÍSTUP K DEKÓDOVANIU PRI FRAKTÁLOVEJ KOMPRESII OBRAZU

Bibliographic Details
Main Authors: Dedera, Ľubomír, 1967- (Author), Chmúrny, Ján, 1923-2009 (Author), Líška, Miroslav (Author)
Format: Article
Language:Slovak

MARC

LEADER 00000nab a2200000 a 4500
001 vtls011132178
003 SK-MaSNL
005 20260303150931.0
008 230222|1998 xo |||||||||||||||||slo|
015 |a SNBRB 
035 |a (uuid)d222a48c-21c4-43b8-8f3e-5300345c7be2 
035 |a (urnnbn)urn:nbn:sk:snk:ar-a09mc0 
035 |a urn:nbn:sk:snk-abaa01 
040 |a SNKBUCL  |b slo  |c SNKBUCL  |e AACR2 
041 0 |a slo 
044 |a xo  |c SK 
100 1 |a Dedera, Ľubomír,  |d 1967-  |4 aut  |9 13778 
245 1 0 |a NEITERATÍVNY PRÍSTUP K DEKÓDOVANIU PRI FRAKTÁLOVEJ KOMPRESII OBRAZU  |c Ľubomír Dedera, Ján Chmúrny, Miroslav Líška 
700 1 |a Chmúrny, Ján,  |d 1923-2009  |4 aut  |9 13779 
700 1 |a Líška, Miroslav  |4 aut 
773 0 |t Zborník Vojenskej akadémie Slovenského národného povstania  |g Roč. 5, č. 3 (1998), s. 59-65 
954 |a odborná, vedecká literatúra pôvodná (slovenská)  |2 lita 
958 |a OND 
958 |a EUIPO 
958 |a article13 
999 |c 2014639  |d 2016569